000 01027cam a22003257i 4500
001 21885156
008 200602t20202020enka b 001 0 eng d
010 _a 2020445093
020 _a9780241205778
_q(hbk.)
020 _a0241205778
020 _z9780241205792 (ePub ebook)
035 _a(OCoLC)on1233301592
040 _aUKMGB
_beng
_cCUZ
_erda
_dOCLCO
_dYDX
_dSINLB
_dOCLCF
_dCUZ
050 0 0 _aQ175
_bSTR
100 1 _aStrevens, Michael,
_eauthor.
245 1 4 _aThe knowledge machine :
_bhow an unreasonable idea created modern science /
_cMichael Strevens.
264 1 _a[London] :
_bAllen Lane,
_c2020.
264 4 _c©2020
300 _ax, 350 pages :
_billustrations ;
_c24 cm
336 _atext
_btxt
337 _aunmediated
_bn
338 _2rdacarrier
650 0 _aScience
650 0 _aScience
650 0 _aScience
650 0 _aIrrationalism (Philosophy)
650 0 _aKnowledge, Theory of.
942 _cOS
999 _c44573
_d44573